000 01047 a2200229 4500
005 20080917163157.0
008 080917t xxu||||| |||| 00| 0 hin d
010 _aHIN-81795
020 _a9788176672085
_c200.00
035 _aHN-54141
037 _bपु.प्र.अ.प्र/प्रका.
082 _a827
100 _aबेदी, गुरमीत
245 _aनाक का सवाल/
_cगुरमीत बेदी
246 _aNak ka Sawal
_bby Gurmeet Bedi
260 _aदिल्ली
_bभावना प्रकाशन
_c2007
270 _a109-ए,पटपड़गंज
_bदिल्ली
_e110091
_k22756734
300 _a151पृ
_c22 सेमी (सजिल्द)
650 _aहिन्दी हास्य व्यंग्य
942 _adpl
_cHN
_k827 / बेदीगु
_2ddc
_h827
_mबेदीगु
999 _c9005
_d9005